| 000 | 01487nam a2200265Ii 4500 | ||
|---|---|---|---|
| 003 | JO-AjNU | ||
| 005 | 20240623124424.0 | ||
| 008 | 230605s9999||||xx |||||||||||||| ||und|| | ||
| 040 |
_aJO-AjNU _bara _erda _cJO-AjNU |
||
| 041 | _aara | ||
| 050 |
_aHD2741. _bQ768 2012 |
||
| 100 | 1 |
_aالقرعان، محمد احمد محمد _964767 _eمعد |
|
| 245 | 0 |
_aدور المعلومات الحاسبية في تحسين الأداء الإداري في الشركات المساهمة العامة الخدمية الأردنية : دراسة ميدانية The Role of Accounting Information in Improving Managerial Performance in Jordanian Service Corporations : An Empirical Study / _cإعداد محمد أحمد محمد القرعان ؛ إشراف تركي راجي الحمود. |
|
| 260 | _c2012 | ||
| 300 | _a156 ورقة | ||
| 336 |
_atext _btxt _2rdacontent |
||
| 337 |
_aunmediated _bn _2rdamedia |
||
| 338 |
_avolume _bnc _2rdacarrier |
||
| 500 | _aرسالة جامعية (ماجستير).- جامعة اليرموك (إربد، الأردن)، كلية الإقتصاد والعلوم الإدارية ؛ قسم المحاسبة، 2012 | ||
| 501 | _aتحتوي على ملاحق | ||
| 504 | _aتحتوي على مراجع باللغتين العربية والانجليزية | ||
| 650 | 4 | 0 |
_aالشركات المساهمة-تنظيم وادارة-محاسبة-الاردن. _964768 |
| 700 | 1 |
_aالحمود، تركي راجي _964635 _eمشرف |
|
| 942 |
_2lcc _cTHS |
||
| 999 |
_c32996 _d32996 |
||